Catálogo

Cantar de Agapito Robles. (Registro nro. 63154)

Detalles MARC
000 -LEADER
fixed length control field 00580nam a2200205 u 4500
001 - CONTROL NUMBER
control field 63154
005 - DATE AND TIME OF LATEST TRANSACTION
control field 20180714065449.0
008 - FIXED-LENGTH DATA ELEMENTS--GENERAL INFORMATION
fixed length control field 150702s1991 mx r 000 0 spa d
020 ## - INTERNATIONAL STANDARD BOOK NUMBER
International Standard Book Number 968-23-1746-0
082 ## - DEWEY DECIMAL CLASSIFICATION NUMBER
Classification number 860
Item number ROB
100 1# - MAIN ENTRY--PERSONAL NAME
Personal name Pcorza, Manuel
Relator term autor
245 10 - TITLE STATEMENT
Title Cantar de Agapito Robles.
250 ## - EDITION STATEMENT
Edition statement Primera edición
264 ## - PRODUCTION, PUBLICATION, DISTRIBUTION, MANUFACTURE, AND COPYRIGHT NOTICE
Place of production, publication, distribution, manufacture Mexico :
Name of producer, publisher, distributor, manufacturer Siglo Veintiuno
Date of production, publication, distribution, manufacture, or copyright notice 1991
300 ## - PHYSICAL DESCRIPTION
Extent 213 página ;
Dimensions 21 cm.
336 ## - CONTENT TYPE
Content type term texto
Source rdacontent
337 ## - MEDIA TYPE
Media type term sin mediación
Source rdamedia
338 ## - CARRIER TYPE
Carrier type term volumen
Source rdacarrier
490 1# - SERIES STATEMENT
Series statement La creación literaria
Existencias
Withdrawn status Lost status Source of classification or shelving scheme Damaged status Not for loan Collection code Home library Current library Shelving location Date acquired Source of acquisition Total Checkouts Full call number Barcode Date last seen Price effective from Koha item type
    Dewey Decimal Classification     General Tehuacán Tehuacán Sala general 02/07/2015 Compra   860 ROB 1991 509810 08/01/2025 02/07/2015 Libro